PROFESÖR Pİ İLE MATEMATİK 7 SÜPER GÜÇ PEŞİNDE (Record no. 654940)

MARC details
000 -LEADER
sabit uzunluktaki kontrol alanı 00281nam a2200097Ia 4500
001 - KONTROL NUMARASI
kontrol alanı 654940
005 - EN SON İŞLEMİN TARİH VE ZAMANI
kontrol alanı 20250826154527.0
008 - SABİT-UZUNLUKTA VERİ ÖĞELERİ--GENEL BİLGİ
sabit uzunluktaki kontrol alanı 250824s9999 xx 000 0 und d
245 #0 - ESER / YAZAR
ESER ADI PROFESÖR Pİ İLE MATEMATİK 7 SÜPER GÜÇ PEŞİNDE
Yazar Adı BİRSEN EKİM ÖZEN
260 ## - YAYIN, DAĞITIM, VB.
YAYIN EVİ TİMAŞ ÇOCUK
Holdings
Düşüm durumu Kayıp durumu Hasar Durumu Ödünç verilmez Ana kütüphane Geçerli Kütüphane Edinilen tarih Toplam ödünç verme sayısı Barkod Son görüntüleme tarihi Fiyatın geçerli olmaya başladığı tarih Koha materyal türü
        ŞEHİT ABDULLAH TAYYİP OLÇOK İMAM HATİP ORTAOKULU ŞEHİT ABDULLAH TAYYİP OLÇOK İMAM HATİP ORTAOKULU 24.08.2025   10092385 26.08.2025 26.08.2025 Books